[Event "SLO-chT Central Superliga 11th"]
[Site "Slovenia"]
[Date "2010.11.11"]
[Round "8.2"]
[White "Gantar, Jan"]
[Black "Rihtar, Saso"]
[Result "1/2-1/2"]
[WhiteElo "2122"]
[BlackElo "1953"]
[PlyCount "26"]
[EventDate "2010.09.09"]
[EventType "team-tourn"]
[EventRounds "9"]
[EventCountry "SLO"]
[SourceTitle "EXT 2022"]
[Source "ChessBase"]
[SourceDate "2021.10.06"]
[SourceVersion "1"]
[SourceVersionDate "2021.10.06"]
[SourceQuality "1"]
[WhiteTeam "Komenda Popotnik"]
[BlackTeam "Bor Dob"]
[WhiteTeamCountry "SLO"]
[BlackTeamCountry "SLO"]

1. e4 e5 2. Nf3 d5 3. Nxe5 Bd6 4. d4 dxe4 5. Nc4 Ne7 6. Nbd2 Bf5 7. Nxd6+ cxd6 8. Bb5+ Nbc6 9. 0-0 0-0 10. c3 a6 11. Ba4 Bg6 12. f3 d5 13. fxe4 dxe4 1/2-1/2

[Event "SLO-chT Central Superliga 11th"]
[Site "Slovenia"]
[Date "2010.09.16"]
[Round "2.2"]
[White "Rihtar, Saso"]
[Black "Janzelj, Tim"]
[Result "0-1"]
[WhiteElo "1953"]
[BlackElo "2016"]
[PlyCount "64"]
[EventDate "2010.09.09"]
[EventType "team-tourn"]
[EventRounds "9"]
[EventCountry "SLO"]
[SourceTitle "EXT 2022"]
[Source "ChessBase"]
[SourceDate "2021.10.06"]
[SourceVersion "1"]
[SourceVersionDate "2021.10.06"]
[SourceQuality "1"]
[WhiteTeam "Bor Dob"]
[BlackTeam "Ig"]
[WhiteTeamCountry "SLO"]
[BlackTeamCountry "SLO"]

1. d4 d5 2. Nf3 Nf6 3. c4 c6 4. Nc3 e6 5. Bg5 h6 6. Bh4 dxc4 7. a4 Bb4 8. Bxf6 Qxf6 9. Ne5 b5 10. g3 Bb7 11. Bg2 Qe7 12. 0-0 Bxc3 13. bxc3 0-0 14. Qb1 a6 15. f4 Qc7 16. axb5 axb5 17. Rxa8 Bxa8 18. Qa1 Nd7 19. Nxd7 Qxd7 20. Qa5 Bb7 21. Qb6 Ra8 22. Qc5 Ra2 23. e4 Rc2 24. Rf3 Qd8 25. Qa7 Qa8 26. Qxa8+ Bxa8 27. Rf2 Rxc3 28. Ra2 Bb7 29. Ra7 Rc1+ 30. Kf2 c3 31. d5 c2 32. Rxb7 Rd1 0-1